000 01773cam a22004934i 4500
003 PE-LiUPU
005 20250731173522.0
008 150616s r 000 0 d
020 _a0802838073
035 _a(Sirsi) i9780802838070
040 _aPE-LiUPU
_bspa
_cPE-LiUPU
_erda
049 _aPRUA
082 0 4 _b
_221
100 1 _aVolf, Miroslav,
_eautor.
245 1 4 _aThe Future of Theology.
264 1 _aMichigan :
_bWilliam B. Eerdmans Publishing Co.,
_c1996.
300 _a298 páginas ;
_c24 centímetros
336 _atext
_2rdacontent
337 _aunmediated
_2rdamedia
338 _avolume
_2rdacarrier
505 0 _aChallenges.- Perspectives.- Themes.
526 _aSEG42
526 _aSEG41
526 _aSEG40
526 _aSEG39
526 _aP94
526 _aP87
526 _aP86
526 _aP85
526 _aP77
526 _aP76
526 _aP35
650 0 4 _aTEOLOGIA - ENSAYOS.
910 _ajck
_bjvq
_cjck
942 _2ddc
_cBOOK
949 _a230.090 49 F38
_wDEWEY
_c1
_i44592
_lCCODEBUL1
_mBUL
_r0
_sY
_tBOOK
_u2015-4-23
_xTEOLOGIA
_zUNKNOWN
_0COMPRA
_o.STAFF. Colección General
949 _a230.090 49 F38
_wDEWEY
_c2
_i42116
_lCCODEBUL1
_mBUL
_r0
_sY
_tBOOK
_u2015-6-16
_xTEOLOGIA
_zUNKNOWN
_0COMPRA
_o.STAFF. Colección General
994 _aC0
_bPEPRU
596 _a1
999 _a230.090 49 F38
_wDEWEY
_c59808
_i44592
_f2021-11-9
_g5
_lCCODEBUL1
_mBUL
_r0
_sY
_tBOOK
_u2015-4-23
_xTEOLOGIA
_zUNKNOWN
_0COMPRA
_o.STAFF. Colección General
_d59808
999 _a230.090 49 F38
_wDEWEY
_c2
_i42116
_f2021-11-9
_g6
_lCCODEBUL1
_mBUL
_r0
_sY
_tBOOK
_u2015-6-16
_xTEOLOGIA
_zUNKNOWN
_0COMPRA
_o.STAFF. Colección General
980 _81
_gALBERTO SANCHEZ Responsable de Automatización